000 00810nam a2200241Ia 4500
003 OSt
005 20220923221120.0
006 a|||||r|||| 00| 0
007 ta
008 220922b |||||||| |||| 00| 0 hin d
024 _a195,310
037 _cTextual
040 _aARTS
_cARTS
_bhin
041 _2hin
_ahin
082 _aR151, 152L3
100 _aबर्नेट, जॉन
_9156278
245 0 _aग्रीक - दर्शन, प्रकाश दुवे अनु
246 _aGrīk - darshana, prakāsh duve anu0
260 _aभोपाल
_b मध्यप्रदेश हिन्दी ग्रंथ अकादमी
_c1973
300 _a340पृ.
_ccm.
942 _hR151, 152L3
_cTEXL
_2CC
999 _c347537
_d347537